000 00984nam a2200265 a 4500
001 60966
003 BD-RjUL
005 20211209080916.0
008 170104s1992 ne a b 001 0 eng d
020 _a0444896066
035 _a(BD-RjUL)61090
040 _aBD-RjUL
_cBD-RjUL
_dBD-RjUL
_beng
041 _aeng
082 0 0 _a620.00452
_223
_bMIR 1992
100 1 _aMisra, Krishna B.,
_d1943-
_9181803
245 1 0 _aReliability analysis and prediction :
_ba methodology oriented treatment /
_cKrishna B. Misra.
260 _aAmsterdam ;
_aNew York :
_bElsevier,
_c1992.
300 _axv, 889 p. :
_bill. ;
_c25 cm.
504 _aIncludes bibliographical references (p. 850-854) and index.
650 0 _aReliability (Engineering)
_x Statistical methods.
_9181805
650 0 _aReliability (Engineering)
_xMathematical models.
_9181806
830 _aFundamental studies in engineering ;
_vno. 15
_9181807
942 _2ddc
_cBK
999 _c60966
_d60966